Laporan kajian keperluan sumber manusia dalam bidang perpustakaan dan perkhidmatan maklumat di Malaysia
| Format: | Book |
|---|---|
| Published: |
Kuala Lumpur :
Perpustakaan Negara Malaysia, ,
2004
|
MARC
| LEADER | 00000cam a2200000 7i4500 | ||
|---|---|---|---|
| 001 | 0000003237 | ||
| 005 | 20050324.0 | ||
| 020 | 0 | 0 | |a 967931166X |
| 090 | 0 | 0 | |a 023.0720595 |b LAP |
| 245 | 0 | 0 | |a Laporan kajian keperluan sumber manusia dalam bidang perpustakaan dan perkhidmatan maklumat di Malaysia |c Dato' Zaiton Osman [et al.] |
| 260 | 0 | 0 | |a Kuala Lumpur : |b Perpustakaan Negara Malaysia, , |c 2004 |
| 300 | |a vii, 559 p. ; |c 30 cm. | ||
| 999 | |a 0000006146 |b Monograph |c Open Shelf |e Default branch | ||